Score 0/35 Timer 04:00
0 Plays Today
Clue 4-Letter Word % Correct
___, present, and futurePAST
98.1%
The Beatles: '___ Buy Me Love'৩ CAN'T ৩
96.5%
'I've ____ thinking...'BEEN
96.3%
Support pole for sailsMAST
94.9%
Large shopping basketCART
94.2%
Required toMUST
93.7%
Dog breath PANT
93.4%
Not closed৩ OPEN ৩
93.3%
An eating planDIET
93.1%
Ocular body parts৩ EYES ৩
92.9%
Retain possession of৩ KEEP ৩
92.9%
Lager, bock, or pilsner, e.g. BEER
92.7%
Prayer ending wordAMEN
92.4%
Changes one's hair colorDYES
91.9%
Metal band: ___ PurpleDEEP
91.6%
Former spousesEXES
91.3%
Mentally acuteKEEN
91%
Residence at a collegeDORM
90.8%
Clue 4-Letter Word % Correct
Projectile thrown in a barDART
90.7%
A sign of oncoming dark timesOMEN
90.5%
The uppermost layer of soilDIRT
90.4%
Insect repellent ingredientDEET
89.6%
Firemen's toolsAXES
89.4%
'Are you a thinker or are you a ___?'DOER
89.1%
Relative of a nerd or geekDORK
87.3%
'My' counterpart৩ YOUR ৩
85.2%
2nd ___ War, 1899-1902 (UK)BOER
85.1%
Suffix or prefix meaning 'skin'DERM
84.7%
Fair and equitable৩ JUST ৩
83.6%
Cold War spy AldrichAMES
82.7%
Relentlessly gloomyDOUR
81.5%
House opposed to LancasterYORK
79.5%
Come to think or judgeDEEM
75.8%
'Disco Duck' singer RickDEES
75.7%
Former Red Sox Kevin, for shortYOUK
75%

Today's Daily Dose

Quick Pick
2004 Events

Get the Picture
Thor Movies

You're not logged in!

Compare scores with friends on all Sporcle quizzes.
OR
Log In

Sporcle TV

Today on Sporcle TV


Watch our educational content, quiz creation guides, and fun videos on Sporcle TV.

Show Comments

Extras

Top Quizzes Today


Score Distribution

Paid Content

Your Account Isn't Verified!

In order to create a playlist on Sporcle, you need to verify the email address you used during registration. Go to your Sporcle Settings to finish the process.

Report this User

Report this user for behavior that violates our Community Guidelines.

Details: